Výskum vybraných endofytických mikroorganizmov ako producentov bioaktívnych látok predovšetkým s cytostatickým účinkom

Gespeichert in:
Bibliographische Detailangaben
1. Verfasser: Maderová, Martina
Format: Buch
Sprache:Slowakisch
Veröffentlicht: Bratislava STU FCHPT 2009
Online-Zugang:Im OPAC anzeigen
Tags: Tag hinzufügen
Keine Tags, Fügen Sie das erste Tag hinzu!

MARC

LEADER 00000nam a2200000 a 4500
005 20260127134244.0
008 110203 2009 xo 000 0 slo d
035 |a vtls010208684 
039 9 |y 201102031113  |z mschk03 
040 |a STUSCHK1  |b slo  |c STUSCHK1  |e AACR2 
100 1 |a Maderová, Martina 
245 1 |a Výskum vybraných endofytických mikroorganizmov ako producentov bioaktívnych látok predovšetkým s cytostatickým účinkom  |c Martina Maderová 
260 |a Bratislava  |b STU FCHPT  |c 2009 
300 |a 95 s.  |b il.  |c 30 cm + prílohy 
500 |a Dizertačná práca 
500 |a Obháj.: 14.12. 2009 
500 |a Študijný program: Biotechnológie 
500 |a Študijný odbor: 28-07-9 biotechnológia 
500 |a Fakultachemickej a potravinárskej technológie, Ústav biotechnológie a potravinárstva 
910 |a SCHK95 
999 |c 7994  |d 7994